Bioética fundamental
Bewaard in:
| Hoofdauteur: | |
|---|---|
| Formaat: | Boek |
| Taal: | Spaans |
| Gepubliceerd in: |
Madrid
Biblioteca de Autores Cristianos
1996
|
| Reeks: | B.A.C , 563
|
| Onderwerpen: | |
| Tags: |
Voeg label toe
Geen labels, Wees de eerste die dit record labelt!
|
MARC
| LEADER | 00000nam a2200000 a 4500 | ||
|---|---|---|---|
| 001 | UCR0001 | ||
| 003 | CL-VaPUC | ||
| 008 | 971129e19960000SP |||||||||||||||||spa|d | ||
| 082 | 0 | 4 | |a 176 |b BLA |2 21 |
| 100 | |a Blázquez, Niceto |e author |9 295392 | ||
| 245 | 1 | 0 | |a Bioética fundamental |
| 300 | |a 619 p | ||
| 942 | |c BK | ||
| 945 | |d 19971129 00:00:00 |a jquezada | ||
| 260 | |a Madrid |b Biblioteca de Autores Cristianos |c 1996 | ||
| 650 | 0 | |a Bioética |9 256117 | |
| 650 | 0 | |a Derecho y legislación |9 255077 | |
| 650 | 7 | |a DERECHO Y CIENCIA |2 CL-VaPUC |9 256215 | |
| 650 | 7 | |a INSEMINACION ARTIFICIAL HUMANA |2 CL-VaPUC |9 256216 | |
| 650 | 0 | |a Aspectos morales |9 256217 | |
| 650 | 0 | |a Reproducción humana |9 257469 | |
| 650 | 7 | |a CIENCIAS BIOMEDICAS |2 CL-VaPUC |9 395293 | |
| 650 | 0 | |a Clonación |9 395294 | |
| 650 | 0 | |a Ética |9 255099 | |
| 650 | 0 | |a Magisterio |9 258739 | |
| 650 | 0 | |a Manipulación genética |9 373579 | |
| 650 | 0 | |a Sexo |9 257818 | |
| 650 | 0 | |a Eutanasia |9 255102 | |
| 650 | 7 | |a SUICIDIO |2 CL-VaPUC |9 317374 | |
| 650 | 7 | |a HUELGA |2 CL-VaPUC |9 17 | |
| 583 | |a last modification |c 19971129 00:00:00 |k Rodrigo Vera | ||
| 490 | 0 | |a B.A.C , 563 | |
| 999 | |c 263663 |d 263661 | ||
| 952 | |0 0 |1 0 |4 0 |6 176_000000000000000_BLA_1996 |7 0 |8 DER_TF |9 293026 |a BIBDER |b BIBDER |d 2019-11-19 |i 3370666 |l 1 |o 176 BLA 1996 |p 3370666 |r 2023-01-25 |s 2020-03-17 |w 2019-11-19 |x Ubicación 4to Piso |y BK |z Estos recursos deben solicitarse con anticipación |k DER | ||